| 000 | 01063cam a2200289 a 4500 | ||
|---|---|---|---|
| 001 | 000015447 | ||
| 005 | 20200929164038.0 | ||
| 008 | 910717s1977 ag 001 0 spa | ||
| 040 |
_aDO-SdBNP _bspa _cDLC _dBNPHU |
||
| 082 |
_a616.89152 _bG866p, 1977 |
||
| 100 | 1 |
_aGrinberg, León, _d1921-2007 _934874 |
|
| 245 | 1 | 0 |
_aPsicoterapia del grupo : _bsu enfoque psicoanalítico / _cLeón Grinberg, Marie Langer y Emilio Rodrigué. |
| 250 | _a5a ed. | ||
| 260 |
_aBuenos Aires, Argentina : _bEditorial Paidós, _c1977. |
||
| 300 | _a243 p. | ||
| 490 | 1 |
_aBiblioteca de Psiquiatría, psicopatología y psicosomática _v20 |
|
| 490 | 1 | _aMayor | |
| 504 | _aIncluye referencias bibliográficas (p. [229]-233) | ||
| 650 | 4 |
_aPsicoterapia de grupo _934875 |
|
| 650 | 4 |
_aPsicoanálisis de grupo _934876 |
|
| 700 | 1 |
_aGrinberg, León _934877 |
|
| 700 | 1 |
_aLanger, Marie _934878 |
|
| 700 | 1 |
_aRodrigué, Emilio _934879 |
|
| 830 | 0 |
_aBiblioteca de Psiquiatría, psicopatología y psicosomática ; _pmayor _v20 _934880 |
|
| 910 | _aCatalogación derivada | ||
| 049 | _aBNGR | ||
| 999 |
_c15004 _d15004 |
||